Viviendas progresivas : construcción de viviendas por familias de bajos ingresos

Bibliographic Details
Main Author: Bazant S., Jan
Format: Section = Libro
Language:Undetermined
Spanish
Published: México Trillas 2003
Subjects:
LEADER 00552nam a2200193Ia 4500
008 240829s9999 xx 000 0 und d
020 |a 968-24-6832-9 
040 |a BIBLIOTECA-RUSB/ 728.172 B362 
041 |a spa 
082 |a 728.172 B362 
100 1 |a Bazant S., Jan 
245 1 0 |a Viviendas progresivas : construcción de viviendas por familias de bajos ingresos 
260 |a México  |b Trillas  |c 2003 
300 |a 212 p. :il. 
650 7 |a ARQUITECTURA DE LA VIVIENDA 
650 7 |b  ALOJAMIENTOS - MEXICO 
942 |c BK  |2 ddc 
991 |a TEXTO 
999 |c 5314